00224nam a2200097Ia 4500008004100000100000900041245003400050260001800084942000700102999001700109190216s9999||||xx |||||||||||||| ||und|| aNull 0aHindi-Sushadu Janm Ki Lodonku bSahithyasadan cBK c18432d18432